| 000 | 00580nam a2200205Ia 4500 | ||
|---|---|---|---|
| 005 | 20230704113458.0 | ||
| 008 | 131103s9999 xx 000 0 und d | ||
| 040 | _aLoreto College | ||
| 041 | _aEnglish | ||
| 082 |
_a946 _bNIC |
||
| 100 | _aNicolini,Gerard | ||
| 245 | 4 |
_aThe Ancient Spaniards _cGerard Nicolini;translated by Jean Stewart |
|
| 260 |
_aHampshire _bSaxon House _c1974 |
||
| 300 |
_axv,232 p. _b plates |
||
| 504 | _aIncludes bibliographical references and index | ||
| 650 | _aSpain - History | ||
| 700 | _aStewart,Jean,tr. | ||
| 850 | _aLCLIB | ||
| 942 | _cBK | ||
| 999 |
_c8168 _d58647 |
||